• 首页
  • 本馆介绍
  • 公告通知
  • 最新文献
  • 馆藏检索
  • 电子资源
  • 读者导购
  • 参考咨询
  • 我的图书馆
  • 登录
  • 详细信息显示
  • 放入我的书架
  • 预约/预借图书
  • 作者相关作品
  • 分类相关作品
  • 丛书相关作品
  • 出版社相关作品

书目信息

  • 表格格式
  • 工作单格式
  • 卡片格式
题名:
英语阅读与写作初级教程
    
 
作者: 林渭芳 , 苗丽霞 主编
分册:  
出版信息: 上海   复旦大学出版社有限公司  2020.09
页数: 317页
开本: 28cm
丛书名:
单 册:
中图分类: H31 , H319.36
科图分类:
主题词: 英语--阅读教学--高等学校--教学参考资料 , 英语--写作--高等学校--教学参考资料
电子资源:
ISBN: 978-7-309-15303-3
000 01181nam0 2200289 450
001 0102100448
005 20210402100826.0
010    @a978-7-309-15303-3@dCNY58.00
100    @a20210119d2020 em y0chiy50 ea
101 0  @achi@aeng
102    @aCN@b310000
105    @aa z 000yy
106    @ar
200 1  @a英语阅读与写作初级教程@Aying yu yue du yu xie zuo chu ji jiao cheng@dEnglish reading and writing an elementary course@f林渭芳, 苗丽霞主编@zeng
210    @a上海@c复旦大学出版社有限公司@d2020.09
215    @a317页@c照片@d28cm
300    @a浙江省普通高校“十三五”新形态教材英语专业
330    @a本书供英语专业一年级或同等水平的英语学习者使用。分10个单元,主题涉及Sports、Culture、Challengeandopportunity、Economy、Languageandlanguagelearning、Schooling、Technology、Health、Society、People。
510 1  @aEnglish reading and writing an elementary course@zeng
606 0  @a英语@x阅读教学@x高等学校@j教学参考资料
606 0  @a英语@x写作@x高等学校@j教学参考资料
690    @aH31@v5
690    @aH319.36@v5
701  0 @a林渭芳@Alin wei fang@4主编
701  0 @a苗丽霞@Amiao li xia@4主编
801  0 @aCN@bBJSZM@c20210402
905    @b1280283-7@dH31@e1799@f5
    
    英语阅读与写作初级教程=English reading and writing an elementary course/林渭芳, 苗丽霞主编.-上海:复旦大学出版社有限公司,2020.09
    317页:照片;28cm
    浙江省普通高校“十三五”新形态教材英语专业
    
    ISBN 978-7-309-15303-3:CNY58.00
    本书供英语专业一年级或同等水平的英语学习者使用。分10个单元,主题涉及Sports、Culture、Challengeandopportunity、Economy、Languageandlanguagelearning、Schooling、Technology、Health、Society、People。
●
相关链接 在E读中查询图书 在五车中查询图书 在当当中查询图书 在豆瓣中查询图书


正题名:英语阅读与写作初级教程     索取号:H31/1799         预约/预借

序号 登录号 条形码 馆藏地/架位号 状态 备注
1 1280283   212802831   第二样本阅览室/ [索取号:H31/1799] 在馆    
2 1280284   212802840   教育系资料室/ [索取号:H31/1799] 在馆    
3 1280285   212802859   教育系资料室/ [索取号:H31/1799] 在馆    
4 1280286   212802868   第四借阅区/ [索取号:H31/1799] 在馆    
5 1280287   212802877   第四借阅区/ [索取号:H31/1799] 在馆    
唐山师范学院图书馆 欢迎您!
大连网信软件有限公司© 版权所有